[Event "Belgrade Trophy 27th"]
[Site "Obrenovac"]
[Date "2013.11.24"]
[Round "1"]
[White "Zivkovic, Sava"]
[Black "Sablic, Branislav"]
[Result "1-0"]
[WhiteElo "2334"]
[BlackElo "1930"]
[PlyCount "65"]
[EventDate "2013.11.24"]
[EventType "swiss"]
[EventRounds "9"]
[EventCountry "SRB"]
[SourceTitle "CBM 157 Extra"]
[Source "ChessBase"]
[SourceDate "2013.12.19"]
[SourceVersion "1"]
[SourceVersionDate "2013.12.19"]
[SourceQuality "1"]

1. e4 c5 2. Nf3 d6 3. d4 cxd4 4. Nxd4 Nf6 5. Nc3 a6 6. g3 Nc6 7. Bg2 Nxd4 8. Qxd4 Qc7 9. Bg5 e5 10. Qd2 Be6 11. 0-0 Be7 12. Rad1 Rd8 13. Bxf6 Bxf6 14. Nd5 Bxd5 15. Qxd5 0-0 16. Rd2 Qc6 17. Rfd1 Qxd5 18. Rxd5 Be7 19. Bh3 b6 20. R1d3 Rb8 21. Rc3 Rb7 22. Rc6 Rfb8 23. a4 g6 24. b4 Kg7 25. c3 h5 26. a5 bxa5 27. Rxa5 Rb6 28. Rxa6 R6b7 29. Bc8 Rb5 30. Ra7 Bf8 31. Rcc7 Kg8 32. Ba6 R5b6 33. Bc4 1-0

[Event "Belgrade Trophy 26th"]
[Site "Belgrade"]
[Date "2012.11.24"]
[Round "1"]
[White "Velickovic, Sasa"]
[Black "Sablic, Branislav"]
[Result "1/2-1/2"]
[WhiteElo "2381"]
[BlackElo "1938"]
[PlyCount "77"]
[EventDate "2012.11.24"]
[EventType "swiss"]
[EventRounds "9"]
[EventCountry "SRB"]
[SourceTitle "CBM 151 Extra"]
[Source "ChessBase"]
[SourceDate "2012.12.18"]
[SourceVersion "1"]
[SourceVersionDate "2012.12.18"]
[SourceQuality "1"]

1. e4 c5 2. Nf3 d6 3. c3 Nf6 4. h3 Nc6 5. Bd3 g6 6. Bc2 Bg7 7. 0-0 0-0 8. Re1 e5 9. d4 cxd4 10. cxd4 Nxd4 11. Nxd4 exd4 12. Qxd4 Be6 13. Qb4 Qc7 14. Nc3 Nd7 15. Bf4 Ne5 16. Rac1 a5 17. Qb5 Bc4 18. Qa4 Rfb8 19. Bb1 b5 20. Qd1 Qe7 21. b3 Be6 22. Nd5 Bxd5 23. Qxd5 a4 24. Red1 axb3 25. axb3 Ra6 26. Be3 Qe6 27. f4 Qxd5 28. Rxd5 Nd7 29. e5 Bf8 30. Rcd1 Rc6 31. exd6 Nf6 32. R5d2 Rd8 33. d7 Bc5 34. Bxc5 Rxc5 35. Rd6 Kg7 36. Bd3 Rxd7 37. Rxd7 Nxd7 38. Bxb5 Rxb5 39. Rxd7 1/2-1/2

[Event "Belgrade Trophy 23rd"]
[Site "Obrenovac"]
[Date "2010.11.30"]
[Round "7"]
[White "Krstic, Natasa"]
[Black "Sablic, Branislav"]
[Result "0-1"]
[WhiteElo "1658"]
[BlackElo "1997"]
[PlyCount "80"]
[EventDate "2010.11.24"]
[EventType "swiss"]
[EventRounds "9"]
[EventCountry "YUG"]
[SourceTitle "CBM 139 Extra"]
[Source "ChessBase"]
[SourceDate "2011.01.05"]
[SourceVersion "1"]
[SourceVersionDate "2011.01.05"]
[SourceQuality "1"]

1. Nf3 d5 2. g3 Nf6 3. Bg2 c6 4. 0-0 Bg4 5. d3 Nbd7 6. c4 e6 7. Bf4 Qb6 8. Qc2 Be7 9. Nbd2 Nh5 10. Be3 Qc7 11. h3 Bxf3 12. Nxf3 Bd6 13. c5 Be7 14. b4 a5 15. a3 0-0 16. Rfb1 axb4 17. Rxb4 Ra5 18. d4 b6 19. Rab1 bxc5 20. Rb7 Qc8 21. g4 Nhf6 22. Bf4 Ne8 23. Qc3 Ra8 24. dxc5 Bxc5 25. Rxd7 Bxf2+ 26. Kxf2 Qxd7 27. Ne5 Qa7+ 28. Kf1 c5 29. Nc6 Qxa3 30. Ne7+ Kh8 31. Qe5 c4 32. Bd2 Qxe7 33. Bb4 Qf6+ 34. Qxf6 Nxf6 35. Bxf8 Rxf8 36. Rb7 g6 37. Ke1 Kg7 38. Kd2 Rc8 39. Kc3 h6 40. e3 h5 0-1

[Event "Belgrade Trophy 23rd"]
[Site "Obrenovac"]
[Date "2010.11.25"]
[Round "2"]
[White "Sablic, Branislav"]
[Black "Momirovic, Milan"]
[Result "1/2-1/2"]
[WhiteElo "1997"]
[BlackElo "1734"]
[PlyCount "141"]
[EventDate "2010.11.24"]
[EventType "swiss"]
[EventRounds "9"]
[EventCountry "YUG"]
[SourceTitle "CBM 139 Extra"]
[Source "ChessBase"]
[SourceDate "2011.01.05"]
[SourceVersion "1"]
[SourceVersionDate "2011.01.05"]
[SourceQuality "1"]

1. d4 Nf6 2. Nf3 g6 3. g3 Bg7 4. Bg2 c6 5. 0-0 0-0 6. Nbd2 d5 7. Ne5 Nfd7 8. Nxd7 Nxd7 9. c3 e5 10. dxe5 Nxe5 11. Nb3 Nc4 12. Nd2 Nd6 13. Qb3 Re8 14. Re1 Bf5 15. Nf3 Qd7 16. Be3 Nc4 17. Bd4 f6 18. Nh4 Be6 19. Qc2 Bf7 20. b3 Nd6 21. Nf3 b6 22. Be3 Ne4 23. Rac1 Rad8 24. Nd2 Nd6 25. Bf4 g5 26. Bxd6 Qxd6 27. Nf3 Bg6 28. Qd2 Qe6 29. Nd4 Qd7 30. e3 h6 31. c4 Be4 32. f3 Bg6 33. cxd5 c5 34. Nc2 Qxd5 35. Qxd5+ Rxd5 36. Kf2 Rd2+ 37. Re2 Red8 38. Ke1 R2d6 39. Na3 Bd3 40. Rd2 Ba6 41. Rcd1 Rxd2 42. Rxd2 Rxd2 43. Kxd2 Kf7 44. Bh3 Ke7 45. Bf5 Kd6 46. f4 Bf8 47. Kc3 Kc6 48. Nb1 b5 49. Be4+ Kb6 50. Nd2 Be7 51. Bf5 Bb7 52. h4 a5 53. Kd3 Bd5 54. hxg5 hxg5 55. Be4 Be6 56. f5 Bd7 57. g4 Be8 58. Bd5 Bd7 59. Ke4 Kc7 60. Kd3 Kd6 61. Be4 Ke5 62. Nf3+ Kd6 63. Nd2 Be8 64. Bb7 Kc7 65. Bd5 Kb6 66. Be6 Bc6 67. Ne4 Kc7 68. Bf7 Kb6 69. Nc3 Bd6 70. Nd5+ Bxd5 71. Bxd5 1/2-1/2

[Event "Belgrade op"]
[Site "Belgrade"]
[Date "2009.11.27"]
[Round "4"]
[White "Sablic, Branislav"]
[Black "Panic, Anastasija"]
[Result "0-1"]
[WhiteElo "2070"]
[BlackElo "1854"]
[PlyCount "82"]
[EventDate "2009.11.24"]
[EventType "swiss"]
[EventRounds "9"]
[EventCountry "YUG"]
[SourceTitle "CBM 133 Extra"]
[Source "ChessBase"]
[SourceDate "2010.01.05"]
[SourceVersion "1"]
[SourceVersionDate "2010.01.05"]
[SourceQuality "1"]

1. d4 Nf6 2. c4 g6 3. Nc3 Bg7 4. e4 0-0 5. e5 Ne8 6. f4 d6 7. Nf3 Bg4 8. Be2 Nd7 9. h3 Bxf3 10. Bxf3 c6 11. Qb3 Qc7 12. Be3 Rb8 13. 0-0 Bh6 14. Rae1 Ng7 15. g4 Ne6 16. Bg2 dxe5 17. dxe5 Ndc5 18. Qc2 b6 19. b4 Nd7 20. Qe4 Rbc8 21. Bc1 c5 22. Nd5 Qd8 23. b5 Bg7 24. Bb2 Nd4 25. Bxd4 cxd4 26. Qxd4 Nc5 27. Rd1 f6 28. exf6 exf6 29. f5 g5 30. Rfe1 Kh8 31. Re7 Nd7 32. Re6 Ne5 33. Ne3 Qc7 34. Bd5 Rfd8 35. Kg2 h6 36. Qe4 Qc5 37. Qd4 Qa3 38. Rd2 Kh7 39. Kf2 Rc7 40. Qb2 Nd3+ 41. Rxd3 Qxb2+ 0-1

[Event "Belgrade op"]
[Site "Belgrade"]
[Date "2009.11.26"]
[Round "3"]
[White "Dikic, Veljko"]
[Black "Sablic, Branislav"]
[Result "1/2-1/2"]
[WhiteElo "1690"]
[BlackElo "2070"]
[PlyCount "95"]
[EventDate "2009.11.24"]
[EventType "swiss"]
[EventRounds "9"]
[EventCountry "YUG"]
[SourceTitle "CBM 133 Extra"]
[Source "ChessBase"]
[SourceDate "2010.01.05"]
[SourceVersion "1"]
[SourceVersionDate "2010.01.05"]
[SourceQuality "1"]

1. e4 c5 2. Nc3 Nc6 3. g3 g6 4. Bg2 Bg7 5. d3 d6 6. Be3 Nf6 7. f4 0-0 8. h3 e5 9. Nge2 Ne8 10. Qd2 Nd4 11. g4 f6 12. f5 g5 13. h4 h6 14. Nd5 Nc7 15. Nxc7 Qxc7 16. hxg5 hxg5 17. Rh5 Qe7 18. Kf2 Kf7 19. Rah1 Bd7 20. Nc3 Bc6 21. Ne2 Nxe2 22. Qxe2 Rh8 23. Qf3 Rxh5 24. Rxh5 Rh8 25. Qh3 Qf8 26. Rh7 Qg8 27. Rh5 Ke7 28. Rxh8 Qxh8 29. Qxh8 Bxh8 30. Bf3 Be8 31. Bd1 Bf7 32. Ke2 Kd7 33. a3 Kc6 34. c4 Bg7 35. Kd2 Bf8 36. Kc3 a5 37. Ba4+ Kc7 38. Bd2 b6 39. Kc2 Be7 40. b4 axb4 41. axb4 Kd8 42. Kb3 Be8 43. Bb5 Bd7 44. Ka4 Kc7 45. Bxd7 Kxd7 46. Kb5 Kc7 47. bxc5 dxc5 48. Be1 1/2-1/2

[Event "Belgrade op"]
[Site "Belgrade"]
[Date "2009.11.25"]
[Round "2"]
[White "Sablic, Branislav"]
[Black "Milutinovic, Stefana"]
[Result "1/2-1/2"]
[WhiteElo "2070"]
[BlackElo "1716"]
[PlyCount "91"]
[EventDate "2009.11.24"]
[EventType "swiss"]
[EventRounds "9"]
[EventCountry "YUG"]
[SourceTitle "CBM 133 Extra"]
[Source "ChessBase"]
[SourceDate "2010.01.05"]
[SourceVersion "1"]
[SourceVersionDate "2010.01.05"]
[SourceQuality "1"]

1. c4 Nf6 2. Nc3 d5 3. cxd5 Nxd5 4. g3 g6 5. Bg2 Nb6 6. d3 Bg7 7. Bd2 0-0 8. Qc1 Re8 9. Bh6 Bh8 10. Nf3 N8d7 11. 0-0 Nf6 12. Bf4 c6 13. Rd1 Nbd5 14. Be5 Bg7 15. Nxd5 Qxd5 16. Qc4 Be6 17. Qc3 Qd7 18. Ng5 h6 19. Nxe6 Qxe6 20. e4 Nxe4 21. dxe4 Bxe5 22. Qb4 Rab8 23. Rd2 Bc7 24. a3 a5 25. Qc3 Red8 26. Rad1 Rxd2 27. Rxd2 h5 28. b4 axb4 29. Qxb4 Bd6 30. Qa4 b5 31. Qa7 c5 32. f4 Qc8 33. e5 Bc7 34. Kf1 c4 35. Qc5 Ba5 36. Qxc8+ Rxc8 37. Rc2 c3 38. Ke2 Rd8 39. Bc6 b4 40. axb4 Bxb4 41. Be4 Rd2+ 42. Ke3 Kg7 43. Bd3 Rxc2 44. Bxc2 Bc5+ 45. Ke4 Bg1 46. h3 1/2-1/2

[Event "Belgrade Trophy 21st"]
[Site "Obrenovac"]
[Date "2008.11.29"]
[Round "3"]
[White "Sablic, Branislav"]
[Black "Sekulovic, Dusica"]
[Result "1/2-1/2"]
[WhiteElo "2096"]
[BlackElo "1797"]
[PlyCount "31"]
[EventDate "2008.11.27"]
[EventType "swiss"]
[EventRounds "9"]
[EventCountry "YUG"]
[SourceTitle "CBM 127 Extra"]
[Source "ChessBase"]
[SourceDate "2009.01.08"]
[SourceVersion "2"]
[SourceVersionDate "2009.01.28"]
[SourceQuality "1"]

1. d4 Nf6 2. c4 e6 3. Nc3 Be7 4. e4 d6 5. Bd3 e5 6. d5 Nbd7 7. Be3 a5 8. Nge2 0-0 9. h3 Nc5 10. Bxc5 dxc5 11. 0-0 Ne8 12. f4 Bf6 13. f5 Nd6 14. Rb1 b6 15. a4 Bd7 16. b3 1/2-1/2